000 00248nam a2200097Ia 4500
001 1064283
005 20250827001712.0
008 250824s9999 xx 000 0 und d
245 0 _aKURANDAN GERÇEKLER
_cDİLAVER CEBECİ
260 _bPANAMA YAYINLARI
999 _c1064283
_d1064283